| 000 | 01688nam a22004097a 4500 | ||
|---|---|---|---|
| 003 | CHAP | ||
| 005 | 20220329135727.0 | ||
| 008 | 971013s1973 r 00010 d | ||
| 010 | _a41159 | ||
| 011 | _a42131 | ||
| 035 | _a46258 | ||
| 040 | _cCHAP | ||
| 082 |
_a036 _bE53 1973 |
||
| 245 | _aEnciclopedia ilustrada Cumbre | ||
| 250 | _a13 ed. | ||
| 260 |
_aMéxico, D. F. : _bCumbre, _c1973 |
||
| 300 | _a14 v. | ||
| 590 |
_aBATCH-UPD _b10 _c20130110 _lUCH01 _h1850 |
||
| 590 |
_aCONVERSION _b10 _c20130109 _lUCH01 _h1323 |
||
| 650 | 1 | 4 |
_aEnciclopedias y diccionarios. _936750 |
| 901 | _aBK | ||
| 942 | _cLIBRO | ||
| 949 |
_a036 E53 1973 _bBC _cC _d33724000481735 _eC _fv.9 _h34033 _i46258 _si |
||
| 949 |
_a036 E53 1973 _bBC _cC _d33724000481743 _eC _fv.14 _h34038 _i46258 _si |
||
| 949 |
_a036 E53 1973 _bBC _cC _d33724000481750 _eC _fv.13 _h34037 _i46258 _si |
||
| 949 |
_a036 E53 1973 _bBC _cC _d33724000481776 _eC _fv.12 _h34036 _i46258 _si |
||
| 949 |
_a036 E53 1973 _bBC _cC _d33724000481784 _eC _fv.6 _h34030 _i46258 _sb |
||
| 949 |
_a036 E53 1973 _bBC _cC _d33724000481800 _eC _fv.10 _h34034 _i46258 _si |
||
| 949 |
_a036 E53 1973 _bBC _cC _d33724000600177 _eC _fv.2 _h34026 _i46258 _si |
||
| 949 |
_a036 E53 1973 _bBC _cC _d33724000683785 _eC _fv.8 _h34032 _i46258 _sb |
||
| 949 |
_a036 E53 1973 _bBC _cC _d33724000919999 _eC _fv.7 _h34031 _i46258 _si |
||
| 949 |
_a036 E53 1973 _bBC _cC _d33724000920039 _eC _fv.4 _h34038 _i46258 _si |
||
| 949 |
_a036 E53 1973 _bBC _cC _d33724000920153 _eC _fv.1 _h34025 _i46258 _si |
||
| 949 |
_a036 E53 1973 _bBC _cC _d33724002062637 _eC _fv.11 _h34035 _i46258 _si |
||
| 949 |
_a036 E53 1973 _bBC _cMUT _d-105491 _eMUT _fv.3 _h34027 _i46258 _si |
||
| 949 |
_a036 E53 1973 _bBC _cMUT _d-105493 _eMUT _fv.5 _h34029 _i46258 _si |
||
| 999 |
_c41159 _d41159 |
||